000 00534 a2200169 4500
999 _c4633
_d4633
010 _aENG-86483
020 _a978176488038
_c1495.00
035 _aEN-70016
037 _bDBAD / PUB
082 1 4 _a540
100 _aMittal, Arun
245 1 _aChemistry :
_cby Arun Mittal
_b(as per UGC syllabus) /
260 _aNew Delhi
_bA P H Publishing
_c2007
270 _a5, Ansari Road, Darya Ganj,
_bNew Delhi
_cNew Delhi
_e110 002
_k23274050
_maphbooks@vsnl.net
300 _a700p.
_c24cm (Hb)
942 _adpl
_cEN
_2ddc
_h540
_mMIT